| 000 | 00903nam a22002895i 4500 | ||
|---|---|---|---|
| 999 |
_c16939 _d16939 |
||
| 003 | EG-ScBUE | ||
| 005 | 20201101130858.0 | ||
| 008 | 120813r19851955nyu f 000 d eng d | ||
| 020 | _a0822212099 | ||
| 020 | _a9780822212096 | ||
| 040 |
_aEG-ScBUE _beng _erda _cEG-ScBUE _dEG-ScBUE |
||
| 082 | 0 | 4 |
_a812.52 _bMIL _222 |
| 100 | 1 |
_aMiller, Arthur, _d1915-2005, _eauthor. _930496 |
|
| 245 | 1 | 0 |
_aA view from the bridge / _cby Arthur Miller. |
| 264 | 1 |
_aNew York : _bDramatists Play Service INC., _c1985. |
|
| 264 | 4 | _cc1955 | |
| 300 |
_a70 pages : _billustrations ; _c18 cm |
||
| 336 |
_atext _btxt _2rdacontent |
||
| 337 |
_aunmediated _bn _2rdamedia |
||
| 338 |
_avolume _bnc _2rdacarrier |
||
| 650 | 7 |
_aAmerican drama _y20th century. _2BUEsh |
|
| 650 | 7 |
_aNieces _vDrama. _2BUEsh |
|
| 650 | 7 |
_aIllegal aliens _vDrama. _2BUEsh |
|
| 651 | _2BUEsh | ||
| 653 |
_bHHUUEENN _bGGEN _cAugust2012 |
||
| 942 |
_2ddc _cBB |
||